| 000 | 00750nam a22002297a 4500 | ||
|---|---|---|---|
| 001 | 48186 | ||
| 003 | BD-RjUL | ||
| 005 | 20211209054457.0 | ||
| 008 | 160813s1969 bg ||||| |||| 00| 0 ben d | ||
| 020 | _c: TK 1.50 | ||
| 035 | _a(BD-RjUL)48305 | ||
| 040 |
_aBD-RjUL _bben _cBD-RjUL |
||
| 041 | _aben | ||
| 082 |
_223 _a891.442 _bRAD 1969 |
||
| 100 |
_aরশীদ, আ.ন.ম. বজলুর _9144381 |
||
| 245 | 1 | 0 |
_aধান-কমল / _cআ.ন.ম. বজলুর রশীদ |
| 260 |
_aঢাকা : _bজাতীয় পুনর্গঠন, _c১৯৬৯ |
||
| 300 |
_a৭৭ পৃ. ; _c২১ সেমি. |
||
| 650 |
_aবাংলা নাটক _9145976 |
||
| 650 |
_aBengali Drama _9145977 |
||
| 942 |
_2ddc _cBK |
||
| 999 |
_c48186 _d48186 |
||